Harmonizačný proces účtovníctva v podmienkach EÚ diplomová práca

Gespeichert in:
Bibliographische Detailangaben
1. Verfasser: Masárová, Katarína
Körperschaft: Národohospodárska fakulta EU. Katedra financií
Weitere Verfasser: Zubaľová, Alena, 1959-
Format: Buch
Sprache:Slowakisch
Veröffentlicht: Bratislava 2011
Tags: Tag hinzufügen
Keine Tags, Fügen Sie das erste Tag hinzu!

MARC

LEADER 00000nbm a2200000 4500
001 0130934
005 20161109101632.1
041 0 |a slo 
044 |a SK 
245 1 0 |a Harmonizačný proces účtovníctva v podmienkach EÚ  |b diplomová práca  |c Katarína Masárová ; školiteľ: Alena Zubaľová 
264 1 |a Bratislava  |c 2011 
300 |a 66 s. 
100 1 |a Masárová, Katarína 
700 1 |a Zubaľová, Alena, 1959- 
710 2 |a Národohospodárska fakulta EU. Katedra financií